| 000 | 00617cam a2200205 4500 | ||
|---|---|---|---|
| 001 | 3125354 | ||
| 005 | 20180130041253.0 | ||
| 008 | 690902s1969 nyuab 001 0 eng | ||
| 010 | _a 69013326 | ||
| 040 |
_aDLC _cDLC _dDLC |
||
| 041 | _aeng | ||
| 080 | _a709.44 BAZ | ||
| 082 | 0 | 0 | _a709.44 BAZ |
| 100 | _a44 | ||
| 101 | _aART | ||
| 245 | 0 | 0 |
_aArt treasures in France: _cIntroduced by Germain Bazin. [General editors: Bernard S. Myers and Trewin Copplestone] |
| 350 | _a6.95 | ||
| 906 |
_a7 _bcbc _corignew _du _encip _f19 _gy-gencatlg |
||
| 942 |
_2ddc _cBK |
||
| 999 |
_c41247 _d41247 |
||